| 000 | 01332nmm a2200289 a 4500 | ||
|---|---|---|---|
| 005 | 20191224042325.0 | ||
| 008 | 170531b2016 ck ||||fq||d| 00| 0 spa d | ||
| 020 | _a9789588901305 (impreso) | ||
| 020 | _a9789588901312 (digital) | ||
| 040 |
_aCO-BoIAVH _cCO-BoIAVH |
||
| 041 | 0 | _aspa | |
| 044 | _ack | ||
| 090 | _aMM- | ||
| 245 | 0 | 0 |
_aPlan de manejo para la conservación de las nutrias (Lontra longicaudis y Pteronura brasiliensis) en Colombia / _cMinisterio de Ambiente y Desarrollo Sostenible. Dirección de Bosques, Biodiversidad y Servicios Ecosistémicos _h[Libro electrónico] |
| 256 | _a1 libro electrónico (1 archivo : 94.556.235 bytes) | ||
| 260 |
_aBogotá (Colombia) : _bMinisterio de Ambiente y Desarrollo Sostenible : _bFundación Omacha, _c2016. |
||
| 300 |
_a1 CD-ROM ; _c12 cm de diametro |
||
| 538 | _aRequiere Acrobat Reader o programa similar de apertura de archivos en pdf. | ||
| 650 | 2 | 6 | _aMamíferos acuáticos |
| 650 | 2 | 6 | _aNutria |
| 650 | 2 | 4 | _aLontra longicaudis (nutria neotropical) |
| 650 | 2 | 4 | _aPteronura brasiliensis (nutria gigante) |
| 650 | 2 | 6 | _aConservación de la diversidad biológica |
| 650 | 2 | 6 | _aEspecies en peligro de extinción |
| 710 | 1 |
_aColombia _bMinisterio de Medio Ambiente y Desarrollo Sostenible |
|
| 942 |
_2z _cCD-ROM |
||
| 999 |
_c19515 _d19515 |
||